Responses for Show #1189 - Thursday, November 2, 1989

Contestants

[<< previous game]

Marti Ermiter, a claims represenative originally from Wheeling, Illinois

Joe Roberts, a director of planning & building from Perth Amboy, New Jersey

Harry Cortez, a mail processor from Petaluma, California (whose 1-day cash winnings total $15,500)

[next game >>]

Jeopardy! Round responses

SCIENCE
FAMOUS WOMEN
WORLD TRAVEL
GOLDEN OLDIES
AWARDS
MILK
    $100 21
a rainbow

Harry
    $100 1
fly a plane

Marti
    $100 14
the Smithsonian

Joe
    $100 6
when you're not, you're not

Harry
    $100 16
Irving Berlin

Joe
    $100 11
homogenization

Joe
    $200 24
the North & South Poles

Joe
    $200 2
Elizabeth Arden

Marti
    $200 15
Japan

Joe
    $200 7
(Marti: What is your love?)

the last dance

JoeMarti
    $200 17
Sesame Street

Marti
    $200 12
Jamestown

Harry
    $300 25
a bell

Joe
    $300 3
Clare Boothe Luce

Marti
    $300 22
India

Joe
    $300 8
(Marti: Who was a preacher man?)

the son of a preacher man

JoeMarti
    $300 18
the American Bar Association

Harry
    $300 13
(Harry: What is lactose?)

lactic acid

HarryJoe
    $400 26
(Alex: We have a minute left.)

sourdough bread

Marti
    $400 4
Annie Sullivan

Harry
    $400 23
(Marti: What is the 54th Street Bridge?)

42nd Street

Marti
Triple Stumper
    $400 9
my mind

Joe
    $400 19
Aaron Copland

Harry
    $800 27
(Marti: What is Lamaze?)

La Leche League

Marti
    $500 5
Sarah Vaughan

Joe
    $500 29
(Harry: What is Stockholm?)
[The end-of-round signal sounds.]

Copenhagen

Harry
Triple Stumper
    $500 10
(Marti: Why did she run away? What is run away?)
(Alex: We'll accept that, [*], "Runaway" is the song.)

ran away

Marti
    $500 20
Meryl Streep

Joe
    $500 28
Nestle

Harry

Scores at the first commercial break (after clue 15):

Harry Joe Marti
$400 $2,100 $600

Scores at the end of the Jeopardy! Round:

Harry Joe Marti
$1,200 $3,500 $0

Double Jeopardy! Round responses

U.S. POLITICS
DANCE
VOCABULARY
GREECE
MODERN NOVELS
NEBRASKAN ACTORS
    $200 7
in the House

Joe
    $200 20
the twist

Joe
    $200 12
Damascus

Harry
    $200 13
(Marti: What is Zeus?)

Olympus

HarryMarti
    $200 3
The Good Earth

Marti
    $200 1
Henry Fonda

Harry
    $400 8
(Lowell) Weicker

Joe
    $400 22
Isadora Duncan

Harry
    $400 16
a fish

Harry
    $400 14
the Common Market

Joe
    $400 19
Miss Marple

Marti
    $400 2
Nick Nolte

Joe
    $600 9
Reagan

Joe
    $600 21
a flag

Joe
    $600 15
Peloponnesia

Joe
    $600 23
The Thorn Birds

Marti
    $600 4
David Janssen

Harry
    $1,000 10
Everett Dirksen

Joe
    $800 27
serpentine

Triple Stumper
    $800 17
(Harry: What are olive leaves?)

laurel leaves

Harry
Triple Stumper
    $800 28
[The end-of-round signal sounds.]

Giant

Joe
    $800 5
James Coburn

Harry
    $1000 11
(Harry: Who is Sinclair Lewis?)

Upton Sinclair

Harry
Triple Stumper
    $900 25
(Marti: Who is Twyla Twarp?)
(Alex: [Looks offstage] Oh, you're placing me in a difficult situation and I can't accept it. You came so close, her name is [*]. All right, we have less than a minute to go. Select again.)

Twyla Tharp

Marti
    $1000 26
manacles

Joe
    $1000 18
Marathon

Harry
    $1000 24
John Cheever

Triple Stumper
    $1000 6
Robert Taylor

Harry

Scores at the end of the Double Jeopardy! Round:

Harry Joe Marti
$4,200 $9,700 $100
(lock game)

[wagering suggestions for these scores]

Final Jeopardy! Round responses

THE CALENDAR
MartiWhat is 2003?
$100
HarryWhat is 2001?
$0
JoeWhat is 2004?
$1,000
2004

Final scores:

Harry Joe Marti
$4,200 $10,700 $0
2nd place: table and chair set & crystal stemware set+Jeopardy! box or computer game New champion: $10,700 3rd place: a Pawley's Island hammock+Jeopardy! box or computer game

Game dynamics:

Coryat scores:

Harry Joe Marti
$4,200 $9,500 $1,800
16 R,
4 W
24 R
(including 1 DD),
0 W
9 R,
6 W
(including 2 DDs)

Combined Coryat: $15,500

[game clues] [game scores] [suggest correction]

Game tape date: 1989-08-21
The J! Archive is created by fans, for fans. Scraping, republication, monetization, and malicious use prohibited; this site may use cookies and collect identifying information. See terms. The Jeopardy! game show and all elements thereof, including but not limited to copyright and trademark thereto, are the property of Jeopardy Productions, Inc. and are protected under law. This website is not affiliated with, sponsored by, or operated by Jeopardy Productions, Inc. Join the discussion at JBoard.tv.